000 00653nam a2200193Ia 4500
003 BUBTL
008 151213s9999 xx 000 0 und d
082 _a658.802/ Si457m/ 1996
100 _aSally Dibb & Lyndon Semkin
_93176
245 _aThe Market Segmentation Work Book ; Target Marketing for Marketing Management.
_cSally Dibb & Lyndon Semkin
260 _a London & New York
_bRoutledge
_cc1996
300 _a[xiii] , 219p . :
_bill . Chart ; 23cm.
500 _aIncludes Index
650 _aMarketing
_93177
700 _aSally Dibb & Lyndon Semkin
_93176
856 _k0
_l0
_yDownload
942 _2ddc
_cBK
999 _c2028
_d2028